Kur'an'ın anlaşılmasına doğru (Record no. 71)

MARC details
000 -BAŞLIK
Sabit Uzunlukta Kontrol Alanı 00727na a2200265 4500
001 - KONTROL NUMARASI
Denetim Alanı 12678
003 - KONTROL NUMARASI IDENTIFIER
Denetim Alanı MIRAKIL
005 - SON İŞLEM TARİHİ VE ZAMANI
Denetim Alanı 20181213154732.0
008 - SABİT-BOY VERİ ELEMANLARI - GENEL BİLGİLER
Sabit Uzunlukta Kontrol Alanı 160811b tu 000 0
020 ## - ULUSLARARASI STANDART KİTAP NUMARASI
Uluslararası Standart Kitap Numarası 9789944457071
035 ## - SİSTEM KONTROL NUMARASI
Sistem Kontrol Numarası 12678
040 ## - KATALOGLAMA KAYNAK
Orijinal Kataloglama Ajansı Milas
Kataloglama Dili tur
Metne Dönüştürmek Ajansı TR-AnCHP
082 ## - DEWEY ONLU SINIFLANDIRMA NUMARASI
Sınıflandırma Numarası 297.1227
Ürün Numarası K86k 2008
090 ## - SINIFLAMA NUMARASI
Sınıflama Numarası 297.1227 K86k 2008
100 ## - ANA GİRİŞ - KİŞİSEL İSİM
Kişisel Ad Tekin, Ahmet
130 ## - ANA GİRİŞ - ÜNİFORM BAŞLIK
Üniforma Başlık Kur'an
Bir İşin Dili Türkçe
245 ## - BAŞLIK TABLOSU
Başlık Kur'an'ın anlaşılmasına doğru
Başlığın Kalan Tefsirî meal
Sorumluluk Tablosu, Vb Ahmet Tekin
246 ## - UNVAN FORM VARYING
Başlık Doğru / Kısa Başlığı Tefsiri meal
250 ## - EDITION TABLOSU
Baskı Beyanı 7. bs.
260 ## - YAYIN, DAĞITIM, VB
Yayın, Dağıtım, Vb Yeri İstanbul
Yayıncı, Dağıtıcı, Vs Adı Kelam Yayınları
Yayın, Dağıtım, Vb Tarihi 2008
300 ## - FİZİKSEL TANIM
Kapsam 64, 608 s.
Boyutlar 23 sm.
650 ## - KONU KATMA GİRİŞ - TOPİKAL DÖNEM
Topikal Süreli Veya Coğrafi Ad Giriş Elemanı Kur'an-ı Kerim
Genel Alt Bölümü Eleştiri ve yorum
650 ## - KONU KATMA GİRİŞ - TOPİKAL DÖNEM
Topikal Süreli Veya Coğrafi Ad Giriş Elemanı Kur'an-ı Kerim
Genel Alt Bölümü Mealler
942 ## - EKLENDİ GİRİŞ ELEMANLARI (KOHA)
Sınıflandırma Veya Raf Düzeni Kaynak
Koha Öğesi Türü Books
999 ## - SİSTEM KONTROL NUMARALARI (KOHA)
Koha Biblionumber 71
Koha Biblioitemnumber 71
Holdings
Kalıcı Konum Mevcut Konum Edinme Tarihi Edinim Kaynak Toplam Check-Out'Lar Tam Çağrı Numarası Barkod Tarih Son Görülme İtibaren Geçerli Fiyatlar Koha Öğesi Türü
CHP Kütüphanesi CHP Kütüphanesi 07/31/2016 Bağış   297.1227 K86k 2008 000406 07/31/2016 07/31/2016 Books